Season of enchantment (Record no. 37871)

MARC details
000 -LEADER
fixed length control field 00265nam a2200109Ia 4500
082 ## - DEWEY DECIMAL CLASSIFICATION NUMBER
Classification number 82-3SIL
Item number SUM
100 ## - MAIN ENTRY--AUTHOR NAME
Personal name Summers, Ashley
245 #0 - TITLE STATEMENT
Title Season of enchantment
260 ## - PUBLICATION, DISTRIBUTION, ETC. (IMPRINT)
Place of publication Kent
Name of publisher Silhouette
Year of publication 1983
942 ## - ADDED ENTRY ELEMENTS (KOHA)
Koha item type Books
Holdings
Withdrawn status Lost status Damaged status Not for loan Home library Current library Date acquired Cost, normal purchase price Full call number Accession Number Koha item type
        RRII Library RRII Library 16/12/2021 10.00 82-3SIL SUM 18242 Books